La basilica dei frari Venecia
Gardado en:
| Autor Principal: | |
|---|---|
| Formato: | Libro |
| Idioma: | Lingua castelá |
| Publicado: |
Venecia
s.n
1968
|
| Subjects: | |
| Tags: |
Engadir etiqueta
Sen Etiquetas, Sexa o primeiro en etiquetar este rexistro!
|
MARC
| LEADER | 00000nam a2200000 a 4500 | ||
|---|---|---|---|
| 001 | UCZ3145 | ||
| 003 | CL-VaPUC | ||
| 008 | 951020e19680000IT |||||||||||||||||spa|d | ||
| 082 | 0 | 4 | |a 726.5 |b UNG |2 21 |
| 100 | 0 | |a Ungaro, Giuseppe |e author |9 346930 | |
| 245 | 1 | 3 | |a La basilica dei frari Venecia |
| 300 | |a 105 p | ||
| 942 | |c BK | ||
| 945 | |d 19951020 00:00:00 |a rbrito | ||
| 260 | |a Venecia |b s.n |c 1968 | ||
| 600 | 0 | 7 | |a BASILICA DEI FRARI |2 CL-VaPUC |9 346931 |
| 650 | 7 | |a CATEDRAL |2 CL-VaPUC |9 346932 | |
| 650 | 0 | |a Arquitectura italiana |9 345013 | |
| 650 | 0 | |a Pintura italiana |9 265293 | |
| 651 | 7 | |a VENECIA |2 CL-VaPUC |9 268373 | |
| 583 | |a last modification |c 20130307 10:00:15 |k Rodrigo Vera | ||
| 999 | |c 239658 |d 239656 | ||
| 952 | |0 0 |1 0 |4 0 |6 726_500000000000000_UNG_1968 |7 0 |8 P |9 250946 |a BIBARQ |b BIBARQ |d 2019-11-18 |i 3141853 |o 726.5 UNG 1968 |p 3141853 |r 2025-01-20 |w 2019-11-18 |y BK |k ARQ | ||